[Event "IECC CL1-2002.13"]
[Site "IECC email"]
[Date "2002.06.24"]
[Round "?"]
[White "Perz, Martial"]
[Black "Kiese, Matthias"]
[Result "1/2-1/2"]
[WhiteElo "2113"]
[BlackElo "2316"]
[PlyCount "142"]
[EventDate "2002.??.??"]
[EventType "tourn (corr)"]
[EventRounds "4"]
[SourceTitle "Corr 2008"]
[Source "ChessBase"]
[SourceDate "2008.06.24"]
[SourceVersion "1"]
[SourceVersionDate "2008.06.24"]
[SourceQuality "1"]

1. e4 c5 2. Nf3 d6 3. d4 cxd4 4. Nxd4 Nf6 5. Nc3 a6 6. f3 e5 7. Nb3 Be6 8. Be3 Nbd7 9. Qd2 b5 10. a4 b4 11. Nd5 Bxd5 12. exd5 Nb6 13. Bxb6 Qxb6 14. a5 Qb7 15. Bc4 Be7 16. Ra4 Rb8 17. Nc1 Bd8 18. Qd3 Ra8 19. Qb3 Nd7 20. Nd3 Nc5 21. Nxc5 dxc5 22. d6 Qd7 23. 0-0 0-0 24. Bd5 Rb8 25. Rd1 e4 26. Bxe4 Bf6 27. Bd3 Bxb2 28. Bxa6 Bd4+ 29. Kh1 Qxd6 30. Bd3 Qh6 31. Qc4 Rfe8 32. a6 Ra8 33. h3 Qd6 34. Be4 Ra7 35. Qb5 Rb8 36. Bb7 g6 37. Qe2 Kg7 38. Rb1 Qd7 39. Ra2 Re8 40. Qf1 Re3 41. Re1 Qe6 42. Rxe3 Qxe3 43. Be4 c4 44. Bb7 b3 45. cxb3 cxb3 46. Re2 Qc3 47. Qb1 b2 48. Rc2 Qb4 49. Re2 h5 50. Re1 Bc3 51. Rf1 Qf4 52. Qe4 Qxe4 53. fxe4 h4 54. Kh2 Be5+ 55. Kg1 Bd4+ 56. Kh2 Be3 57. Rb1 Bc1 58. g3 Kf6 59. gxh4 Ke5 60. Kg3 Kd4 61. Kg4 Kc3 62. e5 Kc2 63. Be4+ Kb3 64. Bd5+ Kb4 65. Bb7 Ka3 66. Bd5 Rxa6 67. Bxf7 Ra4+ 68. Kg3 Bf4+ 69. Kg2 Bxe5 70. Bxg6 Rxh4 71. Re1 Bc3 1/2-1/2

[Event "IECC CL1-2002.13"]
[Site "IECC email"]
[Date "2002.06.24"]
[Round "?"]
[White "Perz, Martial"]
[Black "Sukhov, Nick"]
[Result "1/2-1/2"]
[WhiteElo "2152"]
[BlackElo "2187"]
[PlyCount "50"]
[EventDate "2002.??.??"]
[EventType "tourn (corr)"]
[EventRounds "4"]
[SourceTitle "Corr 2008"]
[Source "ChessBase"]
[SourceDate "2008.06.24"]
[SourceVersion "1"]
[SourceVersionDate "2008.06.24"]
[SourceQuality "1"]

1. e4 e6 2. d4 d5 3. Nd2 c5 4. exd5 exd5 5. Ngf3 Nc6 6. Bb5 Bd6 7. dxc5 Bxc5 8. 0-0 Nge7 9. Nb3 Bd6 10. Re1 0-0 11. Bg5 Bg4 12. Bh4 Re8 13. Bg3 Bxg3 14. hxg3 Qb6 15. a4 Rac8 16. c3 Rcd8 17. Bd3 a5 18. Bb5 Rd6 19. Nbd4 Red8 20. Qc2 Nxd4 21. Nxd4 Nc6 22. Qd2 Bd7 23. Ra3 h6 24. Rb3 Nxd4 25. cxd4 Bg4 1/2-1/2

[Event "IECC Swiss email"]
[Site "IECC email"]
[Date "2001.12.25"]
[Round "?"]
[White "Newton, Hobart E"]
[Black "Perz, Martial"]
[Result "1/2-1/2"]
[WhiteElo "2019"]
[BlackElo "2158"]
[PlyCount "63"]
[EventDate "2001.??.??"]
[EventType "tourn (corr)"]
[EventRounds "6"]
[SourceTitle "Corr 2008"]
[Source "ChessBase"]
[SourceDate "2008.06.24"]
[SourceVersion "1"]
[SourceVersionDate "2008.06.24"]
[SourceQuality "1"]

1. Nf3 d5 2. g3 Nf6 3. Bg2 c6 4. 0-0 Bg4 5. Ne5 Bf5 6. d3 Nbd7 7. Nxd7 Qxd7 8. c4 Bh3 9. cxd5 Bxg2 10. Kxg2 cxd5 11. Bf4 e6 12. Nc3 d4 13. Ne4 Qd5 14. Kg1 Nd7 15. Qa4 e5 16. Bd2 f5 17. Ng5 Be7 18. Rac1 0-0 19. Qc4 Qxc4 20. Rxc4 Nb6 21. Rc7 Nd5 22. Rxb7 Rab8 23. Rd7 Rfd8 24. Rxd8+ Bxd8 25. b3 Bxg5 26. Bxg5 Nc3 27. Kg2 Nxa2 28. f4 h6 29. Be7 exf4 30. Rxf4 Re8 31. Bc5 Rxe2+ 32. Kg1 1/2-1/2

[Event "IECC Y2KO email"]
[Site "IECC email"]
[Date "2001.09.24"]
[Round "?"]
[White "Da Silva, David"]
[Black "Perz, Martial"]
[Result "1/2-1/2"]
[WhiteElo "1812"]
[BlackElo "2163"]
[PlyCount "78"]
[EventDate "2001.??.??"]
[EventType "tourn (corr)"]
[EventRounds "6"]
[SourceTitle "Corr 2008"]
[Source "ChessBase"]
[SourceDate "2008.06.24"]
[SourceVersion "1"]
[SourceVersionDate "2008.06.24"]
[SourceQuality "1"]

1. c4 c5 2. Nc3 g6 3. g3 Bg7 4. Bg2 Nc6 5. e3 d6 6. Nge2 e5 7. 0-0 Nge7 8. d3 0-0 9. a3 Be6 10. Nd5 Rb8 11. Nec3 a6 12. b3 b5 13. Ra2 Qd7 14. Bb2 Bh3 15. Bxh3 Qxh3 16. f4 f5 17. b4 Rf7 18. Qb3 Nxd5 19. Nxd5 Qh6 20. cxb5 axb5 21. bxc5 dxc5 22. Qc2 g5 23. Bxe5 Nxe5 24. fxe5 Qc6 25. Qg2 Qe6 26. Rc2 Bxe5 27. Rxc5 Bd6 28. Rc6 Qd7 29. Ra6 Qe6 30. Qa2 Kf8 31. Rf2 f4 32. e4 Rc8 33. Kg2 Qg4 34. Rf3 Be5 35. h3 Qd7 36. Qd2 g4 37. hxg4 Qxg4 38. d4 Bxd4 39. Rxf4 Rxf4 1/2-1/2

[Event "IECC CL1-2001.08"]
[Site "IECC email"]
[Date "2001.04.20"]
[Round "?"]
[White "Perz, Martial"]
[Black "Necula, Iulian"]
[Result "1/2-1/2"]
[WhiteElo "2101"]
[BlackElo "2173"]
[PlyCount "71"]
[EventDate "2001.??.??"]
[EventType "tourn (corr)"]
[EventRounds "4"]
[SourceTitle "Corr 2008"]
[Source "ChessBase"]
[SourceDate "2008.06.24"]
[SourceVersion "1"]
[SourceVersionDate "2008.06.24"]
[SourceQuality "1"]

1. e4 c5 2. Nf3 Nc6 3. d4 cxd4 4. Nxd4 Nf6 5. Nc3 e5 6. Ndb5 d6 7. Bg5 a6 8. Na3 Be6 9. Nc4 Rc8 10. Bxf6 Qxf6 11. Nb6 Rb8 12. Ncd5 Qd8 13. c3 Be7 14. Bc4 Bg5 15. 0-0 0-0 16. a4 Kh8 17. Qe2 f5 18. exf5 Bxf5 19. a5 e4 20. Bb3 Qe8 21. Bc2 Bd8 22. Rae1 Nxa5 23. Bxe4 Bxe4 24. Qxe4 Bxb6 25. Nxb6 Qb5 26. Qb4 Rbe8 27. Qxb5 axb5 28. Nd5 Nc4 29. b4 Kg8 30. f4 h6 31. Rxe8 Rxe8 32. Rf2 Re1+ 33. Rf1 Re2 34. Ra1 Ne3 35. Nxe3 Rxe3 36. Ra7 1/2-1/2

[Event "IECC KO email"]
[Site "IECC email"]
[Date "2001.03.27"]
[Round "?"]
[White "Dambacher, Andreas"]
[Black "Perz, Martial"]
[Result "1/2-1/2"]
[WhiteElo "1860"]
[BlackElo "2099"]
[PlyCount "51"]
[EventDate "2001.??.??"]
[EventType "tourn (corr)"]
[EventRounds "6"]
[SourceTitle "Corr 2008"]
[Source "ChessBase"]
[SourceDate "2008.06.24"]
[SourceVersion "1"]
[SourceVersionDate "2008.06.24"]
[SourceQuality "1"]

1. e4 e5 2. Nf3 Nc6 3. d4 exd4 4. Bc4 Bc5 5. c3 Nf6 6. cxd4 Bb4+ 7. Nc3 Nxe4 8. 0-0 Bxc3 9. d5 Ne5 10. bxc3 Nxc4 11. Qd4 0-0 12. Qxe4 b5 13. a4 c6 14. axb5 cxd5 15. Qd4 Qc7 16. Re1 Bb7 17. Qg4 Qb6 18. Nd4 Rfe8 19. Bf4 Qd8 20. Bh6 g6 21. Bg5 Rxe1+ 22. Rxe1 f6 23. Bf4 a6 24. bxa6 Rxa6 25. h4 Bc8 26. Qe2 1/2-1/2

[Event "IECC CL2-2001.09"]
[Site "IECC email"]
[Date "2001.03.17"]
[Round "?"]
[White "Ventimiglia, Charles"]
[Black "Perz, Martial"]
[Result "1-0"]
[WhiteElo "1972"]
[BlackElo "2108"]
[PlyCount "95"]
[EventDate "2001.??.??"]
[EventType "tourn (corr)"]
[EventRounds "4"]
[SourceTitle "Corr 2008"]
[Source "ChessBase"]
[SourceDate "2008.06.24"]
[SourceVersion "1"]
[SourceVersionDate "2008.06.24"]
[SourceQuality "1"]

1. e4 e5 2. f4 exf4 3. Nf3 g5 4. Bc4 Bg7 5. 0-0 d6 6. c3 Nh6 7. d4 Rg8 8. Qc2 g4 9. Ne1 f3 10. gxf3 gxf3 11. Kh1 Nc6 12. Nxf3 Bh3 13. Rf2 Bg4 14. e5 Bf5 15. Bd3 Bg6 16. Bxg6 hxg6 17. e6 f5 18. Rg2 Ne7 19. Nh4 Nd5 20. Nxg6 Qf6 21. Qe2 0-0-0 22. Bg5 Qxg6 23. Bxd8 Ng4 24. e7 Re8 25. Qf3 Nxe7 26. Bxe7 Rxe7 27. Na3 Qf7 28. Nc2 Kb8 29. Rf1 Nh6 30. Ne3 a6 31. Nxf5 Nxf5 32. Qxf5 Qe8 33. Rfg1 Rf7 34. Qh5 Qf8 35. b4 Ka7 36. b5 a5 37. Qe2 Re7 38. Qd3 Bh6 39. c4 Be3 40. Re1 Qf3 41. Rf1 Qh5 42. Rg3 Qh6 43. a4 Rh7 44. h3 Re7 45. Kg2 Bd2 46. c5 Bb4 47. c6 b6 48. Qf5 1-0

[Event "IECC CL3-2001.09"]
[Site "IECC email"]
[Date "2001.03.07"]
[Round "?"]
[White "Perz, Martial"]
[Black "Graff, John V"]
[Result "1/2-1/2"]
[WhiteElo "2103"]
[BlackElo "1926"]
[PlyCount "85"]
[EventDate "2001.??.??"]
[EventType "tourn (corr)"]
[EventRounds "4"]
[SourceTitle "Corr 2008"]
[Source "ChessBase"]
[SourceDate "2008.06.24"]
[SourceVersion "1"]
[SourceVersionDate "2008.06.24"]
[SourceQuality "1"]

1. e4 d5 2. exd5 Qxd5 3. Nc3 Qd8 4. d4 Nf6 5. Bc4 Bg4 6. Nge2 e6 7. f3 Bf5 8. g4 Bg6 9. h4 h6 10. Bf4 Nc6 11. Qd2 h5 12. g5 Nd5 13. 0-0-0 Bb4 14. Bxd5 exd5 15. Qe3+ Ne7 16. Qe5 0-0 17. Qxc7 Qxc7 18. Bxc7 Rac8 19. Bf4 Rfd8 20. a3 Ba5 21. b4 Bb6 22. Rd2 Nf5 23. Na4 Bc7 24. Nc5 b6 25. Nd3 Bh7 26. Bxc7 Rxc7 27. Ndf4 a5 28. b5 Ne3 29. c3 Nc4 30. Ra2 Re7 31. Rf1 Re3 32. a4 Rde8 33. Rd2 Bb1 34. Kd1 Nxd2 35. Kxd2 Ba2 36. Ng3 Bc4 37. Nf5 Re2+ 38. Nxe2 Rxe2+ 39. Kd1 Ra2 40. Re1 Bb3+ 41. Kc1 Rc2+ 42. Kb1 Rxc3 43. Re3 1/2-1/2

[Event "IECC CL2-2000.34"]
[Site "IECC email"]
[Date "2000.09.15"]
[Round "?"]
[White "Perz, Martial"]
[Black "Ralls, Richard Nelson"]
[Result "1/2-1/2"]
[WhiteElo "2029"]
[BlackElo "2169"]
[PlyCount "61"]
[EventDate "2000.??.??"]
[EventType "tourn (corr)"]
[EventRounds "4"]
[SourceTitle "Corr 2008"]
[Source "ChessBase"]
[SourceDate "2008.06.24"]
[SourceVersion "1"]
[SourceVersionDate "2008.06.24"]
[SourceQuality "1"]

1. e4 c5 2. Nf3 Nc6 3. Bb5 g6 4. 0-0 Bg7 5. Re1 Nf6 6. c3 0-0 7. d4 d5 8. e5 Ne4 9. Bxc6 bxc6 10. Nbd2 cxd4 11. cxd4 c5 12. dxc5 Nxc5 13. Nb3 Nxb3 14. Qxb3 Bg4 15. Nd4 Qb6 16. Qd3 Rfc8 17. h3 Bd7 18. b3 Qc5 19. Bb2 e6 20. a3 Rab8 21. Rad1 Qb6 22. Qe3 Qd8 23. Qf4 f5 24. Rc1 Qf8 25. Qe3 a5 26. f4 Qd8 27. Red1 Bf8 28. Rxc8 Rxc8 29. Rc1 Rxc1+ 30. Qxc1 Qb6 31. Qd2 1/2-1/2

[Event "IECC CL2-2000.34"]
[Site "IECC email"]
[Date "2000.09.15"]
[Round "?"]
[White "Perz, Martial"]
[Black "Schalkwijk, Peter H"]
[Result "1/2-1/2"]
[WhiteElo "1978"]
[BlackElo "1760"]
[PlyCount "58"]
[EventDate "2000.??.??"]
[EventType "tourn (corr)"]
[EventRounds "4"]
[SourceTitle "Corr 2008"]
[Source "ChessBase"]
[SourceDate "2008.06.24"]
[SourceVersion "1"]
[SourceVersionDate "2008.06.24"]
[SourceQuality "1"]

1. e4 d6 2. d4 Nf6 3. Nc3 g6 4. f4 Bg7 5. Nf3 0-0 6. Bd3 Nc6 7. 0-0 e5 8. fxe5 dxe5 9. d5 Ne7 10. Nxe5 c6 11. Bg5 cxd5 12. exd5 Nexd5 13. Bc4 Qb6+ 14. Kh1 Nxc3 15. bxc3 Bf5 16. Rb1 Qc7 17. Bxf6 Bxf6 18. Nd7 Bxd7 19. Rxf6 Rad8 20. Qf1 Bf5 21. Rxf5 gxf5 22. Qxf5 Rd6 23. Bd3 f6 24. c4 b6 25. Re1 Kh8 26. a3 Rg8 27. g3 Qc6+ 28. Kg1 Qc7 29. Kh1 Rgd8 1/2-1/2

[Event "IECC CL2-2000.33"]
[Site "IECC email"]
[Date "2000.09.14"]
[Round "?"]
[White "Perz, Martial"]
[Black "Newton, Hobart E"]
[Result "1/2-1/2"]
[WhiteElo "1972"]
[BlackElo "1870"]
[PlyCount "45"]
[EventDate "2000.??.??"]
[EventType "tourn (corr)"]
[EventRounds "4"]
[SourceTitle "Corr 2008"]
[Source "ChessBase"]
[SourceDate "2008.06.24"]
[SourceVersion "1"]
[SourceVersionDate "2008.06.24"]
[SourceQuality "1"]

1. e4 e6 2. d4 d5 3. Nc3 Bb4 4. e5 c5 5. Bd2 Ne7 6. a3 Bxc3 7. Bxc3 b6 8. b4 cxd4 9. Bxd4 Nf5 10. Bb2 Ba6 11. b5 Bb7 12. Bd3 0-0 13. Qg4 Nd7 14. Bxf5 exf5 15. Qxf5 g6 16. Qd3 Nxe5 17. Bxe5 Qe7 18. f4 f6 19. Nf3 fxe5 20. fxe5 d4 21. 0-0-0 Bxf3 22. gxf3 Qxe5 23. Qc4+ 1/2-1/2

[Event "IECC KO email"]
[Site "IECC email"]
[Date "2000.09.11"]
[Round "?"]
[White "Perz, Martial"]
[Black "Costa, Paulo Cesar"]
[Result "1-0"]
[WhiteElo "2038"]
[BlackElo "2162"]
[PlyCount "99"]
[EventDate "2000.??.??"]
[EventType "tourn (corr)"]
[EventRounds "6"]
[SourceTitle "Corr 2008"]
[Source "ChessBase"]
[SourceDate "2008.06.24"]
[SourceVersion "1"]
[SourceVersionDate "2008.06.24"]
[SourceQuality "1"]

1. e4 e6 2. d4 d5 3. Nd2 Nf6 4. e5 Nfd7 5. Bd3 c5 6. c3 Nc6 7. Ne2 Qb6 8. Nf3 cxd4 9. cxd4 f6 10. exf6 Nxf6 11. 0-0 Bd6 12. b3 Bd7 13. Bb2 0-0 14. Rc1 Rae8 15. Bb1 Re7 16. Ne5 Be8 17. Qd2 a5 18. Qc3 Bb4 19. Qg3 Nh5 20. Qh4 Nf6 21. a3 Bd6 22. Bc2 h6 23. Rfe1 Ne4 24. Nc4 dxc4 25. Qxe4 g5 26. Qe3 e5 27. Qh3 Rf6 28. Nc3 Bd7 29. Qh5 Be8 30. Qd1 Bf7 31. Ne4 Rg6 32. d5 cxb3 33. Bxb3 Bc7 34. Rb1 Nd4 35. Ba2 Bd6 36. Qa4 Be8 37. Qc4 Kf8 38. Bc3 Qd8 39. Nxd6 Rxd6 40. Rxe5 Nc2 41. Rxe7 Qxe7 42. Bb2 Bg6 43. Rc1 Rd7 44. Qb3 Qc5 45. Qh3 Rh7 46. Rd1 h5 47. d6 g4 48. Qh4 Qf5 49. Qd8+ Be8 50. Rd5 1-0

[Event "IECC P email"]
[Site "IECC email"]
[Date "2000.08.21"]
[Round "?"]
[White "Perz, Martial"]
[Black "Power, Michael"]
[Result "1-0"]
[WhiteElo "2088"]
[BlackElo "1810"]
[PlyCount "73"]
[EventDate "2000.??.??"]
[EventType "tourn (corr)"]
[EventRounds "6"]
[SourceTitle "Corr 2008"]
[Source "ChessBase"]
[SourceDate "2008.06.24"]
[SourceVersion "1"]
[SourceVersionDate "2008.06.24"]
[SourceQuality "1"]

1. e4 Nf6 2. e5 Nd5 3. d4 d6 4. Nf3 g6 5. Bc4 Nb6 6. Bb3 Bg7 7. a4 a5 8. Qe2 0-0 9. h3 dxe5 10. dxe5 Bf5 11. 0-0 Nc6 12. Rd1 Qc8 13. Bf4 Rd8 14. Na3 Be6 15. c4 Rxd1+ 16. Rxd1 Nd7 17. Bc2 Nb4 18. b3 Nxc2 19. Nxc2 Nc5 20. Ncd4 Bd7 21. Bc1 Ne6 22. Nxe6 Bxe6 23. Bg5 f6 24. Bf4 Ra6 25. exf6 exf6 26. Nd4 Bf8 27. Nb5 c5 28. Bd6 Bd7 29. Bxf8 Kxf8 30. Qd2 Be8 31. Nd6 Qd7 32. Qf4 Qd8 33. Qh6+ Kg8 34. Qd2 Bc6 35. Qe3 Qc7 36. Qxc5 Ra8 37. Qe3 1-0

[Event "IECC KO email"]
[Site "IECC email"]
[Date "2000.07.15"]
[Round "?"]
[White "Perz, Martial"]
[Black "Laureles, Raymundo"]
[Result "1-0"]
[WhiteElo "1967"]
[BlackElo "1787"]
[PlyCount "51"]
[EventDate "2000.??.??"]
[EventType "tourn (corr)"]
[EventRounds "6"]
[SourceTitle "Corr 2008"]
[Source "ChessBase"]
[SourceDate "2008.06.24"]
[SourceVersion "1"]
[SourceVersionDate "2008.06.24"]
[SourceQuality "1"]

1. e4 e6 2. d4 d5 3. Nd2 c5 4. exd5 exd5 5. Ngf3 a6 6. dxc5 Bxc5 7. Nb3 Ba7 8. Bg5 Ne7 9. Qd2 0-0 10. 0-0-0 Nbc6 11. Bd3 Bg4 12. Qf4 Qd7 13. Bxe7 Nxe7 14. Ne5 Qc7 15. Qxg4 Qxe5 16. Rhe1 Qf6 17. f4 Nc6 18. Kb1 Rad8 19. g3 Bf2 20. Re2 Bb6 21. Rde1 Qd6 22. Qh3 g6 23. f5 Kg7 24. g4 Qf4 25. Rf1 Qc7 26. f6+ 1-0

[Event "IECC Swiss email"]
[Site "IECC email"]
[Date "2000.06.14"]
[Round "?"]
[White "Perz, Martial"]
[Black "Burks, Stan"]
[Result "1/2-1/2"]
[WhiteElo "1969"]
[BlackElo "1667"]
[PlyCount "57"]
[EventDate "2000.??.??"]
[EventType "tourn (corr)"]
[EventRounds "6"]
[SourceTitle "Corr 2008"]
[Source "ChessBase"]
[SourceDate "2008.06.24"]
[SourceVersion "1"]
[SourceVersionDate "2008.06.24"]
[SourceQuality "1"]

1. e4 c5 2. Nf3 Nc6 3. d4 cxd4 4. Nxd4 g6 5. c4 Bg7 6. Be3 d6 7. Nc3 Nxd4 8. Bxd4 Nf6 9. Be2 0-0 10. 0-0 Bd7 11. Qd2 Bc6 12. f3 Qa5 13. a3 Nh5 14. Bxg7 Nxg7 15. b4 Qb6+ 16. Kh1 Rac8 17. Rad1 f5 18. e5 dxe5 19. Nd5 Qd8 20. Qg5 Rf7 21. Nf6+ exf6 22. Rxd8+ Rxd8 23. Qe3 Rd4 24. b5 Be8 25. Rc1 Rc7 26. c5 Ne6 27. Bc4 Bf7 28. Bxe6 Bxe6 29. Qe2 1/2-1/2

[Event "IECC CL2-2000.21"]
[Site "IECC email"]
[Date "2000.05.22"]
[Round "?"]
[White "Perz, Martial"]
[Black "Buese, Ralf"]
[Result "1-0"]
[WhiteElo "2008"]
[BlackElo "2138"]
[PlyCount "73"]
[EventDate "2000.??.??"]
[EventType "tourn (corr)"]
[EventRounds "4"]
[SourceTitle "Corr 2008"]
[Source "ChessBase"]
[SourceDate "2008.06.24"]
[SourceVersion "1"]
[SourceVersionDate "2008.06.24"]
[SourceQuality "1"]

1. e4 e6 2. d4 d5 3. Nc3 Bb4 4. e5 c5 5. a3 Bxc3+ 6. bxc3 Qc7 7. Qg4 f6 8. Nf3 c4 9. Be2 Nc6 10. Qg3 Qf7 11. 0-0 Nge7 12. Re1 Nf5 13. Qh3 h5 14. Bd1 Qg6 15. Rb1 b6 16. exf6 gxf6 17. Nh4 Nxh4 18. Qxh4 Bd7 19. Rb2 0-0-0 20. f4 Rdg8 21. Bf3 Ne7 22. a4 Nf5 23. Qf2 h4 24. Kf1 Rg7 25. a5 b5 26. Rb1 Rhg8 27. Re2 Qh7 28. Ke1 h3 29. g3 Nxg3 30. hxg3 Rxg3 31. Be3 h2 32. Kd2 Qh3 33. Bh1 Be8 34. f5 Bh5 35. Qf4 a6 36. fxe6 Rg2 37. Rf2 1-0

[Event "IECC CL3-2000.21"]
[Site "IECC email"]
[Date "2000.04.06"]
[Round "?"]
[White "Sveinsson, Jon Arni"]
[Black "Perz, Martial"]
[Result "1/2-1/2"]
[WhiteElo "1930"]
[BlackElo "1943"]
[PlyCount "43"]
[EventDate "2000.??.??"]
[EventType "tourn (corr)"]
[EventRounds "4"]
[SourceTitle "Corr 2008"]
[Source "ChessBase"]
[SourceDate "2008.06.24"]
[SourceVersion "1"]
[SourceVersionDate "2008.06.24"]
[SourceQuality "1"]

1. d4 d5 2. c4 c6 3. Nc3 Nf6 4. e3 e6 5. Bd3 Nbd7 6. f4 dxc4 7. Bxc4 b5 8. Bd3 b4 9. Ne4 c5 10. dxc5 Bxc5 11. Nf3 Qb6 12. Nfd2 Bb7 13. Nc4 Qc7 14. Nxf6+ Nxf6 15. 0-0 0-0 16. b3 Rfd8 17. Qe2 Nd5 18. Kh1 Ba6 19. Bd2 Nb6 20. Rfd1 Nxc4 21. Bxc4 Bxc4 22. Qxc4 1/2-1/2

[Event "IECC CL3-2000.20"]
[Site "IECC email"]
[Date "2000.03.23"]
[Round "?"]
[White "Perz, Martial"]
[Black "Luehrig, Walter"]
[Result "1/2-1/2"]
[WhiteElo "1870"]
[BlackElo "1780"]
[PlyCount "51"]
[EventDate "2000.??.??"]
[EventType "tourn (corr)"]
[EventRounds "4"]
[SourceTitle "Corr 2008"]
[Source "ChessBase"]
[SourceDate "2008.06.24"]
[SourceVersion "1"]
[SourceVersionDate "2008.06.24"]
[SourceQuality "1"]

1. e4 c5 2. Nf3 Nc6 3. d4 cxd4 4. Nxd4 Nf6 5. Nc3 e5 6. Ndb5 d6 7. Bg5 a6 8. Na3 b5 9. Bxf6 gxf6 10. Nd5 f5 11. Bd3 Be6 12. 0-0 Bxd5 13. exd5 Ne7 14. Nxb5 Bg7 15. Nc3 e4 16. Bc4 Ng6 17. Qh5 Bxc3 18. bxc3 Qf6 19. f4 Qxc3 20. Bb3 Qf6 21. Rae1 0-0 22. Re3 Rfe8 23. Rh3 Qg7 24. Qd1 Kh8 25. Rg3 Rg8 26. Kh1 1/2-1/2

[Event "IECC CL3-2000.19"]
[Site "IECC email"]
[Date "2000.03.21"]
[Round "?"]
[White "Castillo, German"]
[Black "Perz, Martial"]
[Result "1-0"]
[WhiteElo "1938"]
[BlackElo "1979"]
[PlyCount "95"]
[EventDate "2000.??.??"]
[EventType "tourn (corr)"]
[EventRounds "4"]
[SourceTitle "Corr 2008"]
[Source "ChessBase"]
[SourceDate "2008.06.24"]
[SourceVersion "1"]
[SourceVersionDate "2008.06.24"]
[SourceQuality "1"]

1. e4 d6 2. d4 Nf6 3. Nc3 g6 4. f4 Bg7 5. Nf3 c5 6. Bb5+ Bd7 7. e5 Ng4 8. e6 fxe6 9. Ng5 Bxb5 10. Nxe6 Bxd4 11. Nxb5 Qa5+ 12. c3 Nf2 13. Qf3 Nxh1 14. Qxb7 Bf2+ 15. Kd2 Qb6 16. Qxa8 Kd7 17. Nbc7 c4 18. Qe4 Bh4 19. Kc2 Qc6 20. Qxc6+ Nxc6 21. g3 Bxg3 22. hxg3 Nxg3 23. Be3 Nf5 24. Bf2 Rc8 25. Rh1 h5 26. Rg1 h4 27. b4 h3 28. Rh1 Rxc7 29. Nxc7 Kxc7 30. Rxh3 a6 31. Rh1 Nd8 32. Kd2 Ne6 33. Be3 Kc6 34. a4 Nc7 35. Rh8 Nd5 36. Bf2 Kb7 37. Rd8 Nf6 38. Kc1 Nd5 39. Kc2 Nxf4 40. Rd7+ Kb8 41. Ra7 g5 42. Rxa6 g4 43. Rb6+ Ka8 44. Rc6 g3 45. Bb6 d5 46. a5 g2 47. a6 Nd6 48. b5 1-0